000
00212nam a2200109Ia 4500
100
_a
#N/A
942
_c
BK
654
_a
html
245
_a
Learn Advanced HTML 4.0 with DHTML
260
_b
#N/A
546
_a
ENGLISH
999
_c
25777
_d
25777